MARC

LEADER 00000nam0a2200000 4500
001 353881
005 20231102010633.0
035 |a (RuTPU)RU\TPU\retro\11139 
090 |a 353881 
100 |a 20200604d1972 km y0rusy50 ca 
101 0 |a rus 
102 |a RU 
105 |a a z 001zy 
200 1 |a Неразрушающие методы контроля металлов  |e пер. с венг.  |f П. Рети 
210 |a Москва  |c Машиностроение  |d 1972 
215 |a 208 с.  |c ил. 
320 |a Библиогр.: с. 205-206 
606 1 |a Металлы  |x Неразрушающие методы контроля  |2 stltpush  |3 (RuTPU)RU\TPU\subj\43067  |9 62652 
610 1 |a рентгеновские методы 
610 1 |a рентгеновское оборудование 
610 1 |a радиоизотопный контроль 
610 1 |a ультразвуковой контроль 
610 1 |a магнитные методы 
610 1 |a электрические методы 
610 1 |a химические методы 
675 |a 669:620.179  |v 4 
700 1 |a Рети  |b П. 
801 1 |a RU  |b 63413507  |c 20200604 
801 2 |a RU  |b 63413507  |c 20201204  |g RCR 
942 |c BK